000
00291nam a22001337a 4500
020
_a
0-7214-0625-4
082
_a
823
_b
BRA/E
100
_a
BRADBURY, LYNNE
245
_a
THE EMPEROR'S NEW CLOTHES
260
_a
UK
_b
LADYBIRD
300
_a
51
650
_a
ENGLISH SHORT STORY
_z
UK
942
_c
BK
999
_c
3978
_d
3978